000 00392nam a22001697a 4500
003 OSt
005 20211202102834.0
008 211202b |||||||| |||| 00| 0 eng d
020 _a0273638394
040 _cHU
082 _a657
100 _aWOODS FRANK
_921450
245 _aBUSINESS ACCOUNTING 8thEDITION
260 _aNEW YORK
_bTORONTO
_c1999
300 _a655
942 _2ddc
_cBOOKS
_n0
999 _c21092
_d21092